Aplikácia vybraných vedeckých metodológií na otázky náboženského poznania

Otázky náboženských presvedčení, najmä otázka legitimity kognitívnych tvrdení v náboženstve. Rozdiel a odlišnosť stupňa a nie absolútneho protikladu medzi vedou a náboženstvom. Objektívnosť vedy a subjektívnosť náboženstva.

Gespeichert in:
Bibliographische Detailangaben
1. Verfasser: Karaba, Miroslav
Format: Buchkapitel
Sprache:Slowakisch
Schlagworte:
Tags: Tag hinzufügen
Keine Tags, Fügen Sie das erste Tag hinzu!

MARC

LEADER 00000naa a2200000 4500
001 0229146
005 20220725085055.9
041 0 |a slo 
044 |a SK 
245 1 0 |a Aplikácia vybraných vedeckých metodológií na otázky náboženského poznania  |c Miroslav Karaba 
520 |a Otázky náboženských presvedčení, najmä otázka legitimity kognitívnych tvrdení v náboženstve. Rozdiel a odlišnosť stupňa a nie absolútneho protikladu medzi vedou a náboženstvom. Objektívnosť vedy a subjektívnosť náboženstva. 
610 2 0 |a filozofia 
610 2 0 |a metódy poznania 
610 2 0 |a kategórie filozofické 
610 2 0 |a vedomie spoločenské 
610 2 0 |a smery filozofické 
610 2 0 |a filozofi 
610 2 0 |a veda 
610 2 0 |a náboženstvo 
100 1 |a Karaba, Miroslav